|
|
|
|
| LEADER |
00000cam a2200000 4500 |
| 003 |
UAHC |
| 005 |
20181009170020.0 |
| 008 |
181008s2012 ag |||| |||| 00| 0 spa d |
| 952 |
|
|
|0 0
|1 0
|2 ddc
|4 0
|6 305_420000000000000_MUS
|7 0
|8 COMP
|9 90734
|a BC
|b BC
|c General
|d 2018-10-08
|e Compra
|g 7739.00
|l 2
|m 1
|o 305.42 MUS
|p 1461332
|r 2025-11-26 00:00:00
|s 2018-12-04
|t c.1
|v 7739.00
|w 2018-10-08
|x OC: 2132 / F: 11425
|y BK
|
| 999 |
|
|
|c 51081
|d 51081
|
| 020 |
|
|
|a 9789505579327
|
| 035 |
|
|
|a CENTRAL
|
| 040 |
|
|
|a UAHC_CL
|c UAHC_CL
|d UAHC_CL
|
| 082 |
|
|
|2 21
|a 305.42
|b M985
|
| 100 |
|
|
|9 5174
|a Musachi Campana, Graciela
|d 1947-
|
| 245 |
|
|
|a Mujeres en movimiento:
|b eróticas de un siglo a otro
|c Graciela Musachi.
|
| 250 |
|
|
|a 2a ed.
|
| 260 |
|
|
|a Buenos Aires:
|b Fondo de Cultura Económica,
|c 2012.
|
| 300 |
|
|
|a 123 p.
|
| 440 |
|
|
|9 4324
|a Psicología, psiquiatría y psicoanálisis
|
| 520 |
|
|
|a A los psicoanalistas que tienen horror al feminismo, la autora de este libro les propone revisar el campo freudiano en el sentido de que teje una disputa cortés con los feminismos. Éstos, por su parte, no encontrarán condescendencia, pero tampoco el enfrentamiento inútil que nace del horror; encontrarán nuevos motivos para entusiasmarse con el psicoanálisis o para seguir discutiendo con él.
|
| 526 |
|
|
|a Colección de Género y Sexualidades
|
| 600 |
|
0 |
|9 5175
|a Lacan, Jacques
|x Crítica e interpretación
|
| 650 |
|
0 |
|9 910
|a Feminismo
|
| 650 |
|
0 |
|9 5079
|a Teoría feminista
|
| 650 |
|
0 |
|9 4119
|a Psicología de la mujer
|
| 650 |
|
0 |
|9 114
|a Psicoanálisis
|
| 942 |
|
|
|2 ddc
|c BK
|